|
|
|
|
| LEADER |
01147nam a2200337 a 4500 |
| 001 |
10128 |
| 003 |
BD-DhAAL |
| 005 |
20150108142314.0 |
| 008 |
150108s19969999bg uu p 0 0eng |
| 010 |
|
|
|a 99932774
|
| 040 |
|
|
|a DLC
|b eng
|c DLC
|d MCM
|d NLGGC
|d GBVCP
|d UKMGB
|d OCoLC
|d BD-DhAAL
|
| 050 |
0 |
0 |
|a N7310.8.B25
|b J68
|
| 082 |
|
|
|2 22
|a 709.095492
|
| 999 |
|
|
|c 33422
|d 33422
|
| 999 |
|
|
|c 33420
|
| 999 |
|
|
|c 33323
|
| 999 |
|
|
|c 33323
|
| 245 |
0 |
0 |
|a Journal of Bengal art, volume 3
|c editor Enamul Haque
|
| 260 |
|
|
|a Dhaka :
|b International Centre for Study of Bengal Art,
|c 2000-
|
| 300 |
|
|
|a v. :
|b ill. (some col.) ;
|c 29 cm.
|
| 362 |
0 |
|
|a Vol. 5 (2000)-
|
| 541 |
|
|
|e 10130
|
| 650 |
|
0 |
|a Art, Bengali
|z Bangladesh.
|9 6893
|
| 650 |
|
0 |
|a Art, Indic -- Bengal
|9 6894
|
| 650 |
|
0 |
|a Art, Bengali
|z India.
|9 6895
|
| 650 |
1 |
7 |
|a Kunst.
|2 gtt
|9 6896
|
| 700 |
|
|
|a Haque, Enamul
|9 6771
|
| 710 |
2 |
|
|a International Centre for Study of Bengal Art.
|9 6772
|
| 850 |
|
|
|a DLC
|
| 942 |
|
|
|2 ddc
|c BK
|
| 952 |
|
|
|0 0
|1 0
|2 ddc
|4 0
|6 709_095492000000000_JOU
|7 0
|9 44670
|a BRACUL
|b BRACUL
|c GEN
|d 2015-01-08
|l 1
|o 709.095492 JOU
|p 3010010128
|r 2024-09-10
|s 2024-06-30
|t 1
|w 2015-01-08
|y BK
|